000 00679nam a22002057a 4500
003 OSt
005 20251029035707.0
008 251029b |||||||| |||| 00| 0 eng d
020 _a971-725-113-4.
040 _aDWCL-Main lib
_cOC
082 _aFil. 425 En58 2006
100 _aAbelos, Alex B. Et. Al.
245 _aEnglish in a new dimension :
_ba worktext in English plus
_cAbelos, Alex B. Et. Al.
260 _aMakati City :
_bBookquick Marketing,
_cc2006.
300 _a171 pages ;
_c26 cm.
504 _aIncludes bibliographical references.
650 _21. English language-Grammar.
650 _22. English language-Study and teaching.
942 _2ddc
_cBK - FIL
_kFil.
_n0
999 _c5283
_d5283